00318 a2200133 450000100060000002000180000604000220002410000170004624000250006324500200008830000080010836200090011665000590012561255 a9783126752374 cAnchieta - Pituba aMatecki, Uta10aDreimal deutschlpor10aDreimal deutsch a1120 a2000 4aLínguas germânicas (teutônicas) língua alemã